Instrucción náutica para navegar

Збережено в:
Бібліографічні деталі
Автор: García de Palacio, Diego (Автор)
Формат: Книга
Мова:Іспанська
Опубліковано: Madrid Cultura Hispánica 1944
Серія:Colección de Incunables Americanos Siglo XVI, 8
Предмети:
Теги: Додати тег
Немає тегів, Будьте першим, хто поставить тег для цього запису!

MARC

LEADER 00000nam a2200000 a 4500
001 UCW8400
003 CL-VaPUC
008 880823e19440000SP |||||||||||||||||spa|d
082 0 4 |a 980  |b GAR  |2 21 
100 |a García de Palacio, Diego  |e author  |9 536358 
245 1 0 |a Instrucción náutica para navegar 
300 |a 156 h 
942 |c BK 
945 |d 19880823 00:00:00 
260 |a Madrid  |b Cultura Hispánica  |c 1944 
500 |a Incluye glosario de las voces contenidas en la instrucción náutica 
650 0 |a Navegación   |9 255384 
650 0 |a Estudio y enseñanza  |9 270395 
650 0 |a Historia  |9 255047 
650 7 |a FUENTES  |2 CL-VaPUC  |9 255666 
651 0 |a América  |9 255182 
583 |a last modification  |c 19880823 00:00:00  |k Rodrigo Vera 
490 0 |a Colección de Incunables Americanos Siglo XVI, 8 
999 |c 220780  |d 220778 
952 |0 0  |1 0  |4 0  |6 980_000000000000000_GAR_1944  |7 0  |8 X  |9 213414  |a BIBHIS  |b BIBHIS  |d 2019-11-15  |i 2817845  |o 980 GAR 1944  |p 2817845  |r 2024-01-30  |w 2019-11-15  |y BK_X  |k HIS 
952 |0 0  |1 0  |4 0  |6 980_000000000000000_GAR_1944  |7 0  |8 X  |9 213415  |a BIBHIS  |b BIBHIS  |d 2019-11-15  |i 1258257  |o 980 GAR 1944  |p 1258257  |r 2024-01-30  |w 2019-11-15  |y BK_X  |k HIS 
952 |0 0  |1 0  |4 0  |6 980_000000000000000_GAR_1944  |7 0  |8 X  |9 213416  |a BIBHIS  |b BIBHIS  |d 2019-11-15  |i 1258265  |o 980 GAR 1944  |p 1258265  |r 2024-01-30  |w 2019-11-15  |y BK_X  |k HIS